000 00251nam a22001097a 4500
008 170113b xxu||||| |||| 00| 0 eng d
020 _a9780815123903
041 _aeng
080 _24TH
_a618.2
245 _aNURSING RESEARCH
_cWOOD. G.L
942 _2udc
_cBK
999 _c2859
_d2859